Country Flags with only 3 Stripes - Statistics

General Stats
  • This quiz has been taken 98 times
  • The average score is 21 of 26
Answer Stats
Answer % Correct
France
97%
Germany
95%
Ireland
92%
Romania
92%
Russia
92%
Belgium
90%
Estonia
90%
Italy
89%
Netherlands
89%
Austria
88%
Bulgaria
88%
Luxembourg
84%
Hungary
82%
Ivory Coast
82%
Nigeria
82%
Latvia
81%
Lithuania
81%
Chad
78%
Peru
78%
Colombia
73%
Armenia
67%
Yemen
66%
Mali
63%
Gabon
62%
Guinea
62%
Sierra Leone
62%
No matching quizzes found
Score Distribution
Percent of People with Each Score
Percentile by Number Answered
Your Score History
You have not taken this quiz